| 000 | 00950 a2200229 4500 | ||
|---|---|---|---|
| 020 | _a0030186129 | ||
| 020 | _a9780030186127 | ||
| 090 |
_c2359 _d2359 |
||
| 100 | 1 | _aPahler, Arnold J. | |
| 245 | 1 | 0 |
_aAdvanced accounting : _bconcepts and practice / _cArnold J. Pahler. |
| 250 | _a6th ed. | ||
| 260 |
_a[S.l.] : _bHarcourt Brace College Publishers, _c1996. |
||
| 300 |
_a1200 p. ; _c26 cm. |
||
| 490 | 1 | _aDryden press series in accounting. | |
| 500 | _aHardcover. | ||
| 520 | _aPresenting concepts and issues in advanced accounting, this text covers reporting standards on consolidated statements and emphasizes critical thinking skills. | ||
| 700 | 1 | _aMori, Joseph E. | |
| 830 | 0 | _aDryden press series in accounting. | |
| 856 | 4 | 0 |
_3Amazon.com _uhttp://www.amazon.com/exec/obidos/ASIN/0030186129/chopaconline-20 |
| 856 | 4 | 0 |
_3Amazon customer reviews _uhttp://www.chopac.org/cgi-bin/tools/azrev.pl?q=0030186129 |
| 942 |
_aNBS _cBK _k657.046 PAH |
||
| 999 |
_c344857 _d344857 |
||